000 01293nam a2200301 a 4500
001 BRCA_3304
005 20190320204220.0
008 190309s1870----enka---###---#000-0#eng-#
041 _aeng
044 _aenk
084 _a598
_b.G35
_c1870
100 1 _aCervantes Saavedra, Miguel de
_d1547-1616
_9213
245 1 0 _aAdventures of Don Quixote de la Mancha
_cFrom the Spanish of Miguel de Cervantes Saavedra.
260 _aLondres : Edinburgo
_bGall and Inglis
_c1870
300 _a1 v. en 2 partes (xii, 644 p.)
_bil.
_c19 cm.
500 _aContenido : Primera parte. Prólogo del autor. Segunda parte. Prólogo del autor
500 _aTraducción de Jarvis (?). Va adornada con varios dibujos de Bertall y Forest interpretando tipos franceses. Tela; lomo y plano decorados con asuntos quijotiles dorados y otros adornos Lúdovik Osterc
500 _aQM446
546 _aTexto en : inglés
650 1 4 _aNovela española
_yÉpoca clásica, 1500-1700
_9215
650 1 4 _aLiteratura española
_yÉpoca clásica, 1500-1700
_9216
650 1 4 _aNovela española
_ySiglo XVII
_9217
650 1 4 _aDon Quijote (Personaje ficticio)
_eNovela
_9218
700 1 _aBertall
_d1820-1882
_eIlustrador
_98748
740 0 _aEl Ingenioso Hidalgo Don Quijote de la Mancha
902 _aQFM
942 _2lcc
_cB
999 _c3040
_d3040